000 01623nam a2200337 i 4500
001 768714001
003 CO-MdFUSB
005 20230512110534.0
007 ta
008 170802t1995 xxu||||| |||| 00| 0 eng d
020 _a0802807151
040 _aCO-MdFUSB
_bspa
_cCO-MdFUSB
_dCO-MdFUSBC
_erda
041 0 _aeng
082 0 4 _223
_a230.0411
_bK691t
100 1 _aKnierim, Rolf P. (1928-)
_eautor
245 1 4 _aThe task of Old Testament theology :
_bsubstance, method and cases
_c/ Rolf P. Knierim
264 1 _aGrand Rapids, Mic., USA :
_b Eerdmans,
_c[1995]
264 4 _c©1995
300 _a603 páginas
_c; 24 cm
336 _2rdacontent
_atexto
_btxt
337 _2rdamedia
_asin mediación
_bn
338 _2rdacarrier
_avolumen
_bnc
504 _aIncluye bibliografía y referencias.
505 _aLa tarea de la teología del Antiguo Testamento. -- Respuestas a "la tarea de la teología del Antiguo Testamento". -- Sobre la tarea de la teología del Antiguo Testamento: una respuesta a W. Harrelson, WS Towner y RE Murphy. -- La interpretación del Antiguo Testamento. -- Revelación en el Antiguo Testamento. -- Cosmos e historia en la teología de Israel. -- Comida, tierra y justicia. -- Esperanza en el Antiguo Testamento. -- La espiritualidad del Antiguo Testamento. -- El antiguo Testamento: la letra y el Espíritu. -- Israel y las naciones en la tierra de Palestina en el Antiguo Testamento.
563 _aRústico
630 0 _aBiblia.
_pAntiguo Testamento
_xTeología cristiana.
650 7 _aDios
_xEnseñanza bíblica
_9323
942 _cBK
945 _aJTF-925
999 _c33905
_d33905